000 00403nam a22001697a 4500
003 OSt
005 20170105103444.0
008 120508t xxu||||| |||| 00| 0 eng d
020 _a0879697229
040 _cASAB
050 _aSecond Edition
100 _aErica A. Golemis and Peter D. Adams
_9280
245 _aProtein-Protein Interactions
300 _a938
650 _aProtein
_9281
942 _2lcc
_cBK
999 _c16543
_d16543